Zhlukový potenciál v regiónoch nových členských krajín Európskej únie
Zhluky, inovácie a konkurencieschopnosť. Mapovanie zhlukov. Zhlukový potenciál v regiónoch nových členských krajín EÚ. Intenzita zhlukového portfólia v regiónoch EÚ 10. Zhluková politika v nových členských krajinách EÚ.
Salvato in:
| Autore principale: | |
|---|---|
| Natura: | Capitolo di libro |
| Lingua: | slovacco |
| Soggetti: | |
| Tags: |
Nessun Tag, puoi essere il primo ad aggiungerne!!
|
MARC
| LEADER | 00000naa$a2200000$$$4500 | ||
|---|---|---|---|
| 001 | 0092958 | ||
| 005 | 20230918091804.6 | ||
| 041 | 0 | |a slo | |
| 044 | |a SK | ||
| 245 | 1 | 0 | |a Zhlukový potenciál v regiónoch nových členských krajín Európskej únie |c Mária Kačírková |
| 520 | |a Zhluky, inovácie a konkurencieschopnosť. Mapovanie zhlukov. Zhlukový potenciál v regiónoch nových členských krajín EÚ. Intenzita zhlukového portfólia v regiónoch EÚ 10. Zhluková politika v nových členských krajinách EÚ. | ||
| 610 | 2 | 0 | |a klaster |
| 610 | 2 | 0 | |a Európska únia |
| 610 | 2 | 0 | |a regióny |
| 610 | 2 | 0 | |a inovácia |
| 610 | 2 | 0 | |a konkurencieschopnosť |
| 610 | 2 | 0 | |a kooperácia hospodárska medzinárodná |
| 100 | 1 | |a Kačírková, Mária | |